| 000 | 01193cam a2200373 a 4500 | ||
|---|---|---|---|
| 001 | 6398 | ||
| 003 | FISKH | ||
| 005 | 20250707112132.0 | ||
| 008 | 070221r20031975nyua b 000 1 eng | ||
| 010 | _a 2007272087 | ||
| 020 | _a0375836977 (trade) | ||
| 020 | _a9780590482790 | ||
| 040 |
_aDLC _cDLC _beng |
||
| 050 | _aPZ7.L6634 C | ||
| 082 | _a813 | ||
| 100 | 1 |
_aLionni, Leo, _d1910-1999. |
|
| 245 | 1 | 2 |
_aA color of his own / _cLeo Lionni. |
| 250 | _aFirst Scholastic printing, June 2003 | ||
| 260 |
_aNew York : _bScholastic, _c1993 |
||
| 300 |
_a32 unnumbered pages : _bcolor illustrations ; _c20 x 24 cm. |
||
| 500 | _a"A Borzoi book." | ||
| 500 | _aOriginally published: A colour of his own. London : Abelard-Schuman, 1975. | ||
| 505 | _aP | ||
| 520 | _aIn search of his own unique color, such as the other animals have, a little chameleon finds a true friend. | ||
| 521 | 8 |
_a640
_bLexile |
|
| 521 | 8 |
_aP
_bRaz-Plus |
|
| 650 | 1 |
_aColor _vFiction. |
|
| 650 | 1 |
_aChameleons _vFiction. |
|
| 650 | 1 |
_aIndividuality _vFiction. |
|
| 650 | 1 |
_aFriendship _vFiction. |
|
| 906 |
_a0 _bibc _corigcop _d2 _encip _f20 _gy-gencatlg |
||
| 942 |
_2ddc _cBK _n0 |
||
| 999 |
_c6398 _d6398 |
||